| 000 -ლიდერი |
| ფიქსირებული სიგრძის საკონტროლო ველი |
01168nam a22002417a 4500 |
| 003 - საკონტროლო ნომრის იდენტიფიკატორი |
| საკონტროლო ველი |
Ge_BSU |
| 005 - ბოლო ოპერაციის თარიღი და დრო |
| საკონტროლო ველი |
20230505161634.0 |
| 008 - ფიქსირებული სიგრძის მონაცემთა ელემენტები - ზოგადი ინფორმაცია |
| ფიქსირებული სიგრძის საკონტროლო ველი |
230505s2000 ge ||||| |||| 00| 0 geo d |
| 020 ## - წიგნის საერთაშორისო სტანდარტული ნომერი |
| International Standard Book Number |
9992848308 |
| 041 ## - ენის კოდი |
| Language code of text/sound track or separate title |
geo |
| 080 ## - უნივერსალური ათობითი კლასიფიკაციის ინდექსი |
| Universal Decimal Classification number |
94(37) ს-96 |
| 100 ## - მთავარი ჩანაწერი - პიროვნების სახელი |
| Personal name |
სურგულაძე, კახაბერ |
| 9 (RLIN) |
17998 |
| 245 ## - ცნობა სათაურის შესახებ |
| Title |
ციცერონი და კატილინა / |
| Statement of responsibility, etc |
[რედ.: გრანი ქავთარია]; ბსუ, მსოფლიო ისტორიის კათედრა. |
| 264 ## - წარმოების, გამოცემის, დისტრიბუციის და სხვა ცნობები |
| გამოცემის, წარმოების, დისტრიბუციის... ადგილი |
ბათუმი : |
| გამოცემის, წარმოების, დისტრიბუციის... სახელწოდება |
ბათუმის უნ-ტი, |
| გამოცემის, წარმოების, დისტრიბუციის... თარიღი |
2000. |
| 300 ## - ფიზიკური აღწერა |
| Extent |
54გვ. ; |
| Other physical details |
16სმ. |
| 500 ## - ზოგადი შენიშვნა |
| General note |
პარალ. თავფ. და რეზ. რუს. ენ. |
| 504 ## - BIBLIOGRAPHY, ETC. NOTE |
| Bibliography, etc |
ბიბლიოგრ. ტექსტის შენიშვნ. |
| 653 ## - INDEX TERM--UNCONTROLLED |
| Uncontrolled term |
ციცერონი, მარკუს ტულიუს |
| 653 ## - INDEX TERM--UNCONTROLLED |
| Uncontrolled term |
კატილინა, ლუციუს სერგიუს |
| 653 ## - INDEX TERM--UNCONTROLLED |
| Uncontrolled term |
ძველი რომის ისტორია |
| 700 ## - ADDED ENTRY--PERSONAL NAME |
| Personal name |
ქავთარია, გრანი |
| Relator term |
რედაქტორი |
| 9 (RLIN) |
15333 |
| 942 ## - ADDED ENTRY ELEMENTS (KOHA) |
| Source of classification or shelving scheme |
|
| Koha item type |
წიგნი |